| 000 | 00418nam a2200157Ia 4500 | ||
|---|---|---|---|
| 008 | 230917s9999||||xx |||||||||||||| ||und|| | ||
| 020 | _cRS8 | ||
| 040 |
_e7029 _aMAIN |
||
| 041 | _aEnglish | ||
| 082 | _a320.50954 S22M | ||
| 100 | _aSuda, Jyoti Prasad | ||
| 245 | 0 | _aMain currents of social and political thought in modern India | |
| 260 |
_aMeerut _bJai Prakash Nath _c1964 |
||
| 300 | _avi, 237 p. | ||
| 942 | _cBK | ||
| 999 |
_c189875 _d189875 |
||